00459 2200169 4500001002100000005001500021035002000036007000300056008004100059020001400100082000800114084001400122100002200136245006100158260002800219300004200247INLIS00000000000177720240206092614 a0010-0224000025ta240206 g 0 ind  a0126-4273 a050 a050 TIM m0 aTim Redaksi Tempo1 aMajalah Tempo: Gerilya Berebut PSSI /cTim Redaksi Tempo aJakarta :bTempo,c2022 a122 hlm. :bilust. ;c21 cm x 27,5 cm